000 00388pab a2200145 454500
008 180718b2001 xxu||||| |||| 00| 0 eng d
100 _aCrowther, David E.A.
245 _aA semiology of accounting's role in policing organizational boundaries
260 _c2001
300 _ap.1-17.
362 _aMar
650 _aAccounting
773 _aASCI Journal of Management
909 _a55011
999 _c55011
_d55011